Estudios sobre la biología de Baccharis ulicina Hook & Arn y su susceptibilidad a estrategias de manejo en el sur bonaerense /

Guardado en:
Otros Autores: Tucat, Guillermo. (Disertante), Fernández, Osvaldo A. (Orientador), Bentivegna, Diego Javier. (Orientador)
Formato: Manuscrito
Idioma:Spanish
Publicado: 2015.
Materias:
Acceso en línea:Texto completo
Etiquetas: Agregar Etiqueta
Sin Etiquetas, Sea el primero en etiquetar este registro!
LEADER 01365ntm a22003135a 4500
001 EEA.libagro010715
005 20160706094904.0
008 160623s2015####ag#######bm###000#0#spa#d
082 0 4 |a 040  |2 15 
082 0 4 |a 583.55  |2 19 
100 1 |a Tucat, Guillermo.  |4 dis 
245 1 0 |a Estudios sobre la biología de Baccharis ulicina Hook & Arn y su susceptibilidad a estrategias de manejo en el sur bonaerense /  |c Guillermo Tucat. 
260 |c 2015. 
300 |a xviii, 251 p. :  |b il. col. ;  |c 30 cm. 
500 |a Director de tesis: Osvaldo Alberto Fernández; director adjunto: Diego Javier Bentivegna. 
500 |a "Tesis de Doctor en Agronomía". 
502 |a Tesis (doctoral)--Universidad Nacional del Sur. Departamento de Agronomía, 2016. 
504 |a Incluye referencias bibliográficas. 
530 |a Disponible también en formato digital. 
650 7 |a Agronomía.  |2 unbist 
650 7 |a Botánica.  |2 unbist 
650 7 |a Malezas.  |2 unbist 
653 |a Asteraceae 
653 |a Buenos Aires (Argentina : Provincia) 
700 1 |a Fernández, Osvaldo A.  |q (Osvaldo Alberto)  |4 ths 
700 1 |a Bentivegna, Diego Javier.  |4 ths 
710 2 |a Universidad Nacional del Sur.  |b Departamento de Agronomía  |4 dgg. 
856 4 1 |3 Texto completo  |u http://repositoriodigital.uns.edu.ar/handle/123456789/2639 
859 |a AR-BbBCA  |b BIB. AGRONOMIA  |h 040  |i B148 2016-1442  |p 125591/016